Kapitán Repkin sa vracia

Bibliographic Details
Main Author: Krno, Martin (Author)
Format: Article
Language:Slovak
PhysicalDescription:Fotogr. 3
Subjects:

MARC

LEADER 00000nab a2200000 a 4500
001 vtls000592927
003 SK-MaSNL
005 20260303015914.0
008 160216c1996 xo 0 slo
015 |a SNBRB19rr/mm-uuuuu 
035 |a CL0593066 
040 |a SNKBUCL  |b slo  |c SNKBUCL  |e AACR2 
041 0 |a slo 
044 |a xo  |c SK 
080 |a 355.292.5  |2 1981 
080 |a 355.33  |2 1981 
080 |a 943.76-051"19"  |2 1981 
080 |a 929 Nálepka, Ján  |2 1981 
100 1 |a Krno, Martin  |4 aut  |9 267168 
245 1 0 |a Kapitán Repkin sa vracia  |c Martin Krno 
300 |b Fotogr. 3 
600 1 7 |a Nálepka, Ján,  |d 1912-1943  |2 snkbucl  |9 178310 
655 7 |a články z novín a časopisov  |2 snkbucl  |9 267496 
773 0 |t Pravda  |g Roč. 6, č. 195 (21. 8. 1996), s. 6 
850 |a Slovenská národná knižnica v Martine  |a MTA001 
852 |a SNK  |b KIS3GCP 
958 |a BX 
958 |a RK 
958 |a SK 
992 |a RBX 
999 |c 1615439  |d 1617369